<?xml version="1.0" encoding="UTF-8"?>
<record
    xmlns:xsi="http://www.w3.org/2001/XMLSchema-instance"
    xsi:schemaLocation="http://www.loc.gov/MARC21/slim http://www.loc.gov/standards/marcxml/schema/MARC21slim.xsd"
    xmlns="http://www.loc.gov/MARC21/slim">

  <leader>00511nam a2200169Ia 4500</leader>
  <controlfield tag="008">230718s9999    xx            000 0 und d</controlfield>
  <datafield tag="041" ind1=" " ind2=" ">
    <subfield code="a">eng</subfield>
  </datafield>
  <datafield tag="082" ind1=" " ind2=" ">
    <subfield code="a">004.16</subfield>
    <subfield code="b">TRI</subfield>
  </datafield>
  <datafield tag="100" ind1=" " ind2=" ">
    <subfield code="a">Trieble W.A.</subfield>
  </datafield>
  <datafield tag="245" ind1=" " ind2=" ">
    <subfield code="a">8088 And 8086 Microprocessors</subfield>
    <subfield code="b">Programming, Interfacing, Software, Hardware And Applications</subfield>
  </datafield>
  <datafield tag="250" ind1=" " ind2=" ">
    <subfield code="a">4th</subfield>
  </datafield>
  <datafield tag="260" ind1=" " ind2=" ">
    <subfield code="c">2009</subfield>
    <subfield code="b">Pearson Education</subfield>
  </datafield>
  <datafield tag="300" ind1=" " ind2=" ">
    <subfield code="a">843</subfield>
  </datafield>
  <datafield tag="365" ind1=" " ind2=" ">
    <subfield code="c">Rs.</subfield>
    <subfield code="b">390.00</subfield>
  </datafield>
  <datafield tag="700" ind1=" " ind2=" ">
    <subfield code="a">Trieble W.A. &amp; Singh A.</subfield>
  </datafield>
  <datafield tag="906" ind1=" " ind2=" ">
    <subfield code="d">O:0020821-Aug-2009B:109100034328-Jul-2009</subfield>
    <subfield code="c">IT</subfield>
    <subfield code="b">234</subfield>
  </datafield>
  <datafield tag="999" ind1=" " ind2=" ">
    <subfield code="c">322087</subfield>
    <subfield code="d">322087</subfield>
  </datafield>
  <datafield tag="952" ind1=" " ind2=" ">
    <subfield code="0">0</subfield>
    <subfield code="1">0</subfield>
    <subfield code="4">0</subfield>
    <subfield code="7">0</subfield>
    <subfield code="a">CCEP</subfield>
    <subfield code="b">CCEP</subfield>
    <subfield code="d">2009-08-21</subfield>
    <subfield code="e">Varma Book Distributors</subfield>
    <subfield code="f">IT</subfield>
    <subfield code="g">312.00</subfield>
    <subfield code="i">1091000343</subfield>
    <subfield code="l">0</subfield>
    <subfield code="o">004.16</subfield>
    <subfield code="p">CCEP-BK-33294</subfield>
    <subfield code="r">2023-07-18 00:00:00</subfield>
    <subfield code="t">234</subfield>
    <subfield code="v">390.00</subfield>
    <subfield code="w">2009-07-28</subfield>
    <subfield code="y">BK</subfield>
    <subfield code="z">033294</subfield>
  </datafield>
</record>
